Statystyki dla Mistrzowie Polski w Piłce Nożnej -Lata 1946-2022

Kliknij tutaj aby rozwiązać quiz!

Ogólne statystyki

  • Ten quiz został rozwiązany 18 530 razy
    (8 145 od ostatniego zresetowania)
  • Średni wynik to 59 z 77

Statystyki odpowiedzi

SezonPierwsze Miejsce% Poprawnych
1970Legia Warszawa
99%
1955Legia Warszawa
99%
1994Legia Warszawa
99%
1995Legia Warszawa
99%
2002Legia Warszawa
99%
2006Legia Warszawa
99%
1969Legia Warszawa
99%
1956Legia Warszawa
99%
2013Legia Warszawa
99%
2014Legia Warszawa
99%
2016Legia Warszawa
99%
2017Legia Warszawa
99%
2018Legia Warszawa
99%
2020Legia Warszawa
99%
2021Legia Warszawa
99%
2015Lech Poznań
98%
2010Lech Poznań
98%
1993Lech Poznań
98%
1992Lech Poznań
98%
1990Lech Poznań
98%
1983Lech Poznań
98%
2022Lech Poznań
98%
1984Lech Poznań
98%
2001Wisła Kraków
88%
2009Wisła Kraków
88%
2005Wisła Kraków
88%
2004Wisła Kraków
88%
2003Wisła Kraków
88%
2008Wisła Kraków
88%
1949Wisła Kraków
88%
2011Wisła Kraków
88%
1978Wisła Kraków
88%
1999Wisła Kraków
88%
1950Wisła Kraków
88%
1989Ruch Chorzow
70%
1952Ruch Chorzów
70%
1968Ruch Chorzów
70%
1951Ruch Chorzów
70%
1979Ruch Chorzów
70%
1960Ruch Chorzów
70%
1975Ruch Chorzów
70%
1974Ruch Chorzów
70%
1953Ruch Chorzów
70%
1957Górnik Zabrze
68%
1967Górnik Zabrze
68%
1961Górnik Zabrze
68%
1988Górnik Zabrze
68%
1963Górnik Zabrze
68%
1964Górnik Zabrze
68%
1965Górnik Zabrze
68%
1987Górnik Zabrze
68%
1986Górnik Zabrze
68%
1985Górnik Zabrze
68%
1966Górnik Zabrze
68%
1972Górnik Zabrze
68%
1971Górnik Zabrze
68%
1959Górnik Zabrze
68%
1948Cracovia
67%
2019Piast Gliwice
67%
2012Śląsk Wrocław
66%
1977Śląsk Wrocław
66%
1996Widzew Łódź
66%
1997Widzew Łódź
66%
1982Widzew Łódź
66%
1981Widzew Łódź
66%
2000Polonia Warszawa
63%
1946Polonia Warszawa
63%
1958ŁKS Łódź
55%
1998ŁKS Łodź
55%
2007Zagłębie Lubin
50%
1991Zagłębie Lubin
50%
1947Warta Poznań
35%
1962Polonia Bytom
31%
1954Polonia Bytom
31%
1976Stal Mielec
31%
1973Stal Mielec
31%
1980Szombierki Bytom
19%

Rozkład punktacji

Percentyl według liczby udzielonych odpowiedzi

Procent ludzi z każdym wynikiem

Twoja historia wyników

Nie rozwiązałeś tego quizu od ostatniego zresetowania